Recording and producing audio for media / (Record no. 33195)

MARC details
000 -LEADER
fixed length control field 01428cam a22003257a 4500
005 - DATE AND TIME OF LATEST TRANSACTION
control field 20230803133440.0
008 - FIXED-LENGTH DATA ELEMENTS--GENERAL INFORMATION
fixed length control field 110629s2012 maua b 001 0 eng d
010 ## - LIBRARY OF CONGRESS CONTROL NUMBER
LC control number 2011933249
020 ## - INTERNATIONAL STANDARD BOOK NUMBER
ISBN 9781435460652
020 ## - INTERNATIONAL STANDARD BOOK NUMBER
ISBN 1435460650
035 ## - SYSTEM CONTROL NUMBER
System control number (OCoLC)ocn744298339
040 ## - CATALOGING SOURCE
Original cataloging agency BTCTA
Language of cataloging eng
Transcribing agency BTCTA
Modifying agency IMD
-- YDXCP
-- BWX
-- BDX
-- MUU
-- ORU
-- DLC
042 ## - AUTHENTICATION CODE
Authentication code lccopycat
082 04 - DEWEY DECIMAL CLASSIFICATION NUMBER
Classification number 621.3893
Edition number 23
Item number ALT-R
100 1# - MAIN ENTRY--AUTHOR
Author Name Alten, Stanley R.
245 10 - TITLE STATEMENT
Title Recording and producing audio for media /
Statement of responsibility, etc. Stanley R. Alten.
260 ## - PUBLICATION, DISTRIBUTION, ETC.
Place of Publication Boston, MA :
Name of publisher, distributor, etc. Course Technology,
Date of publication, distribution, etc. c2012.
300 ## - PHYSICAL DESCRIPTION
Pages xvi, 735 p. :
504 ## - BIBLIOGRAPHY, ETC. NOTE
Bibliography, etc. note Includes bibliographical references (p. 661-668) and index.
650 #0 - SUBJECT ADDED ENTRY--TOPICAL TERM
Subject / Department Sound
General subdivision Recording and reproducing.
650 #0 - SUBJECT ADDED ENTRY--TOPICAL TERM
Subject / Department Sound
General subdivision Recording and reproducing
-- Equipment and supplies.
650 #0 - SUBJECT ADDED ENTRY--TOPICAL TERM
Subject / Department Sound
General subdivision Equipment and supplies.
300 ## - PHYSICAL DESCRIPTION
-- ill. ;
-- 28 cm.
856 42 -
-- Publisher description
-- http://www.loc.gov/catdir/enhancements/fy1406/2011933249-d.html
856 41 -
-- Table of contents only
-- http://www.loc.gov/catdir/enhancements/fy1406/2011933249-t.html
856 42 -
-- Contributor biographical information
-- http://www.loc.gov/catdir/enhancements/fy1406/2011933249-b.html
906 ## - LOCAL DATA ELEMENT F, LDF (RLIN)
a 7
b cbc
c copycat
d 2
e ncip
f 20
g y-gencatlg
952 ## - LOCATION AND ITEM INFORMATION (KOHA)
-- 0
-- 0
Holdings
Lost status Damaged status Collection code Permanent Location Current Location Shelving Location Date acquired Full Call Number Accession No./Barcode Date last seen item type Koha item type
    CS/IT Superior Information Resource Center (SIRC) Superior University- Gold Campus Superior Information Resource Center (SIRC) Superior University- Gold Campus MISC 08/03/2023 621.3893 ALT-R 2012 19564 08/03/2023 BOOK BOOK

Powered by Koha